Xây dựng Việt Nam
Na minha lista:
| Formato: | Livro |
|---|---|
| Idioma: | Undetermined |
| Publicado em: |
Hà Nội
Bộ Xây dựng
2019
|
| Assuntos: | |
| Tags: |
Adicionar Tag
Sem tags, seja o primeiro a adicionar uma tag!
|
| Thư viện lưu trữ: | Trung tâm Học liệu Trường Đại học Cần Thơ |
|---|
| LEADER | 00521nam a2200181Ia 4500 | ||
|---|---|---|---|
| 001 | CTU_229229 | ||
| 008 | 210402s9999 xx 000 0 und d | ||
| 082 | |a 624 | ||
| 082 | |b X126 | ||
| 245 | 0 | |a Xây dựng Việt Nam | |
| 245 | 0 | |c Cơ quan của Bộ Xây dựng | |
| 260 | |a Hà Nội | ||
| 260 | |b Bộ Xây dựng | ||
| 260 | |c 2019 | ||
| 650 | |a Civil engineering,Công trình dân dụng | ||
| 904 | |2 24st ed. | ||
| 904 | |i Trang | ||
| 980 | |a Trung tâm Học liệu Trường Đại học Cần Thơ | ||